000 00443nam a2200145 a 4500
001 000031617
005 20200930063045.0
008 110628s20uu dr ac 000 0 spa d
040 _aDO-SdBNP
_bspa
_cBNPHU
100 1 _aVargas, José Rafael
_921851
245 1 0 _aJulio Jaime Julia :
_bpatrimonio cultural de la República /
_cJosé Rafael Vargas.
260 _a[Santo Domingo] :
_b[s.n.],
_c[200?].
300 _a15 p. ;
_c21 cm.
049 _aBNPD
999 _c31109
_d31109